South Korea 2022 FIFA World Cup Squad - Statistics

General Stats
  • This quiz has been taken 1,144 times
    1,105 since last reset
  • The average score is 14 of 27
Answer Stats
# Position Player % Correct
7 FW © Heung-min Son
97%
13 MF Jun-ho Son
97%
3 DF Jin-su Kim
89%
4 DF Min-jae Kim
89%
15 DF Moon-hwan Kim
89%
1 GK Seung-gyu Kim
89%
23 DF Tae-hwan Kim
89%
19 DF Young-gwon Kim
89%
11 FW Hee-chan Hwang
63%
6 MF In-beom Hwang
63%
16 FW Ui-jo Hwang
63%
18 MF Kang-in Lee
57%
10 MF Jae-sung Lee
56%
9 FW Gue-sung Cho
43%
24 DF Yu-min Cho
43%
21 GK Hyeon-woo Jo
32%
12 GK Bum-keun Song
29%
26 MF Min-kyu Song
29%
5 MF Woo-young Jung
26%
Manager Paulo Bento
23%
8 MF Seung-ho Paik
20%
22 MF Chang-hoon Kwon
19%
20 DF Kyung-won Kwon
19%
14 DF Chul Hong
18%
17 MF Sang-ho Na
17%
2 DF Jong-gyu Yoon
13%
25 MF Woo-yeong Jong
12%
No matching quizzes found
Score Distribution
Percent of People with Each Score
Percentile by Number Answered
Your Score History
You have not taken this quiz since the last reset